[Event "Arco op 46th"]
[Site "Arco"]
[Date "2024.10.08"]
[Round "4"]
[White "Moro, Roberto"]
[Black "Rempe, Lennik"]
[Result "1/2-1/2"]
[WhiteElo "1644"]
[BlackElo "1562"]
[PlyCount "26"]
[EventDate "2024.10.05"]
[EventType "swiss"]
[EventRounds "9"]
[EventCountry "ITA"]
[SourceTitle "CB44_2024"]
[Source "Chessbase"]
[SourceDate "2024.10.30"]
[SourceVersion "1"]
[SourceVersionDate "2024.10.30"]
[SourceQuality "1"]

1. e4 e5 2. f4 Nc6 3. Nf3 d6 4. Bb5 Bd7 5. d3 Nd4 6. Bxd7+ Qxd7 7. 0-0 0-0-0 8. fxe5 Nxf3+ 9. Qxf3 dxe5 10. Qxf7 Qd4+ 11. Kh1 Nf6 12. Nc3 Rd7 13. Qc4 Qb6 1/2-1/2

[Event "Arco op 46th"]
[Site "Arco"]
[Date "2024.10.06"]
[Round "2"]
[White "Ben, Dhia Mohamed Ali"]
[Black "Rempe, Lennik"]
[Result "1-0"]
[WhiteElo "1801"]
[BlackElo "1562"]
[PlyCount "39"]
[EventDate "2024.10.05"]
[EventType "swiss"]
[EventRounds "9"]
[EventCountry "ITA"]
[SourceTitle "CB44_2024"]
[Source "Chessbase"]
[SourceDate "2024.10.30"]
[SourceVersion "1"]
[SourceVersionDate "2024.10.30"]
[SourceQuality "1"]

1. e4 e5 2. Bc4 Nf6 3. d4 exd4 4. e5 Qe7 5. Qe2 d5 6. exf6 Qxe2+ 7. Bxe2 gxf6 8. Bf3 Be6 9. Bf4 Na6 10. a3 0-0-0 11. Ne2 Bc5 12. b4 Bb6 13. 0-0 Rhg8 14. Nd2 Rde8 15. Nb3 Bh3 16. Nexd4 Rg7 17. Rac1 Reg8 18. Bg3 Bd7 19. Bxd5 h5 20. Bf3 1-0

[Event "Heusenstamm Sparkassen op-B 9th"]
[Site "Heusenstamm"]
[Date "2023.11.25"]
[Round "5"]
[White "Rempe, Lennik"]
[Black "Culha, Merve"]
[Result "1-0"]
[WhiteElo "1321"]
[BlackElo "837"]
[PlyCount "77"]
[EventDate "2023.11.23"]
[EventType "swiss"]
[EventRounds "7"]
[EventCountry "GER"]
[SourceTitle "EXT 2025"]
[Source "ChessBase"]
[SourceDate "2024.10.14"]
[SourceVersion "1"]
[SourceVersionDate "2024.10.14"]
[SourceQuality "1"]

1. e4 e5 2. Nf3 Nc6 3. Nc3 Nf6 4. d4 exd4 5. Nd5 Bc5 6. Bf4 d6 7. Bg5 Be6 8. Nxf6+ gxf6 9. Bh6 Bg4 10. Be2 Bxf3 11. Bxf3 Bb4+ 12. Bd2 Qe7 13. 0-0 0-0-0 14. a3 Bxd2 15. Qxd2 h5 16. h3 h4 17. Rfe1 Rdg8 18. Bg4+ Kb8 19. b4 Ne5 20. f3 c5 21. Rab1 d5 22. exd5 f5 23. Qf4 fxg4 24. Rxe5 Qc7 25. d6 Qd7 26. Re7 Qc6 27. d7+ Ka8 28. fxg4 Rd8 29. Rbe1 a6 30. bxc5 Rxd7 31. Qxf7 Rhd8 32. Rxd7 Rxd7 33. Re8+ Ka7 34. Qf8 b5 35. g5 d3 36. cxd3 Rxd3 37. Rc8 Qb7 38. c6 Rd1+ 39. Kh2 1-0

[Event "Reykjavik op"]
[Site "Reykjavik"]
[Date "2023.04.01"]
[Round "6"]
[White "Rempe, Lennik"]
[Black "Jonatansson, Sigurdur Freyr"]
[Result "0-1"]
[WhiteElo "1154"]
[BlackElo "1551"]
[PlyCount "62"]
[EventDate "2023.03.29"]
[EventType "swiss"]
[EventRounds "9"]
[EventCountry "ISL"]
[SourceTitle "CBM 213 Extra"]
[Source "ChessBase"]
[SourceDate "2023.05.31"]
[SourceVersion "1"]
[SourceVersionDate "2023.05.31"]
[SourceQuality "1"]

1. e4 c5 2. Nf3 e6 3. d4 cxd4 4. c3 dxc3 5. Nxc3 a6 6. Bf4 Nc6 7. Ne5 Qf6 8. Nxc6 Qxf4 9. Nd4 Bb4 10. Bd3 Nf6 11. 0-0 Bxc3 12. bxc3 Nxe4 13. Bxe4 Qxe4 14. Qh5 Qg6 15. Qxg6 hxg6 16. f4 b5 17. Rfe1 Bb7 18. f5 Ke7 19. fxg6 fxg6 20. Re3 Rh5 21. Rg3 e5 22. Re1 Kf7 23. Rf1+ Kg8 24. Nf3 Rc8 25. Rxg6 Rxc3 26. Rb6 Bc6 27. Rxa6 Rc2 28. Re1 Bxf3 29. gxf3 Rhxh2 30. Rxe5 Rhd2 31. Rxb5 Rd1# 0-1

[Event "Reykjavik op"]
[Site "Reykjavik"]
[Date "2023.03.29"]
[Round "1"]
[White "Grose, Kameron"]
[Black "Rempe, Lennik"]
[Result "1-0"]
[WhiteElo "1800"]
[BlackElo "1154"]
[PlyCount "61"]
[EventDate "2023.03.29"]
[EventType "swiss"]
[EventRounds "9"]
[EventCountry "ISL"]
[SourceTitle "CBM 213 Extra"]
[Source "ChessBase"]
[SourceDate "2023.05.31"]
[SourceVersion "1"]
[SourceVersionDate "2023.05.31"]
[SourceQuality "1"]

1. e4 e5 2. Nf3 Nc6 3. Bc4 Nf6 4. d3 Be7 5. 0-0 0-0 6. Re1 d6 7. a4 Bg4 8. c3 Na5 9. Ba2 c5 10. Na3 d5 11. exd5 Qxd5 12. Bxd5 Nxd5 13. Rxe5 Rad8 14. h3 Bxf3 15. Qxf3 Nb3 16. Rb1 Bd6 17. Rxd5 Rfe8 18. Be3 c4 19. Nxc4 Bc5 20. Rxd8 Rxd8 21. Bxc5 Nxc5 22. Re1 h6 23. Ne5 f6 24. Ng6 Rxd3 25. Re8+ Kf7 26. Re7+ Kg8 27. Qg4 f5 28. Re8+ Kf7 29. Qxf5+ Kxe8 30. Qxc5 a5 31. Qe7# 1-0

[Event "GER-ch U12"]
[Site "Willingen"]
[Date "2022.06.10"]
[Round "8"]
[White "Rempe, Lennik"]
[Black "Steven, Matthias"]
[Result "1-0"]
[WhiteElo "1073"]
[BlackElo "1376"]
[PlyCount "109"]
[EventDate "2022.06.04"]
[EventType "swiss"]
[EventRounds "9"]
[EventCountry "GER"]
[SourceTitle "CBM 208 Extra"]
[Source "ChessBase"]
[SourceDate "2022.07.31"]
[SourceVersion "1"]
[SourceVersionDate "2022.07.31"]
[SourceQuality "1"]

1. e4 c5 2. Nf3 Nc6 3. Nc3 g6 4. d4 cxd4 5. Nxd4 Bg7 6. Be3 Nf6 7. Bc4 0-0 8. Bb3 Qa5 9. 0-0 d6 10. h3 Bd7 11. Kh1 a6 12. Qd2 Nxe4 13. Nxe4 Qxd2 14. Bxd2 Nxd4 15. Bc3 Nxb3 16. Bxg7 Nxa1 17. Bxf8 Kxf8 18. Rxa1 Bf5 19. f3 Rc8 20. c3 Bxe4 21. fxe4 Rc4 22. Re1 Kg7 23. Kh2 Kf6 24. Kg3 Ke6 25. Kf4 d5 26. g4 h6 27. b3 Rxe4+ 28. Rxe4+ dxe4 29. Kxe4 Kd6 30. a4 Kc5 31. Ke5 b5 32. a5 Kc6 33. b4 Kd7 34. Kd5 f6 35. Kc5 Kc7 36. Kd5 e5 37. Ke4 Kd6 38. h4 g5 39. h5 Ke6 40. c4 bxc4 41. b5 Kd6 42. b6 Kc6 43. Ke3 Kb7 44. Ke4 Kc6 45. Ke3 Kd6 46. Ke4 c3 47. Kd3 f5 48. gxf5 g4 49. f6 g3 50. f7 Ke7 51. b7 e4+ 52. Kxc3 g2 53. f8Q+ Kxf8 54. b8Q+ Kg7 55. Qg3+ 1-0

[Event "GER-ch U12"]
[Site "Willingen"]
[Date "2022.06.09"]
[Round "7"]
[White "Haertel, Leon"]
[Black "Rempe, Lennik"]
[Result "0-1"]
[WhiteElo "1536"]
[BlackElo "1073"]
[PlyCount "64"]
[EventDate "2022.06.04"]
[EventType "swiss"]
[EventRounds "9"]
[EventCountry "GER"]
[SourceTitle "CBM 208 Extra"]
[Source "ChessBase"]
[SourceDate "2022.07.31"]
[SourceVersion "1"]
[SourceVersionDate "2022.07.31"]
[SourceQuality "1"]

1. d4 d5 2. c4 e6 3. Nc3 Nf6 4. cxd5 exd5 5. Bg5 Be7 6. Nf3 0-0 7. e3 Nbd7 8. Bd3 b6 9. 0-0 Bb7 10. Qc2 Ne4 11. Bf4 c5 12. Nxe4 c4 13. Nc3 cxd3 14. Qxd3 Nf6 15. Qe2 a5 16. Rfd1 Ba6 17. Qc2 Rc8 18. Qb3 Bc4 19. Qc2 Ba6 20. Qa4 Ne4 21. Nxe4 dxe4 22. Rdc1 exf3 23. gxf3 Be2 24. Kg2 Rxc1 25. Rxc1 b5 26. Qc2 Bc4 27. b3 Be6 28. Bc7 Qd7 29. Bxa5 Bh3+ 30. Kg1 Qd5 31. Qe4 Qg5+ 32. Kh1 Qg2# 0-1

[Event "GER-ch U12"]
[Site "Willingen"]
[Date "2022.06.07"]
[Round "4"]
[White "Rempe, Lennik"]
[Black "Gavrylyuk, Oleksandr"]
[Result "0-1"]
[WhiteElo "1073"]
[BlackElo "1272"]
[PlyCount "44"]
[EventDate "2022.06.04"]
[EventType "swiss"]
[EventRounds "9"]
[EventCountry "GER"]
[SourceTitle "CBM 208 Extra"]
[Source "ChessBase"]
[SourceDate "2022.07.31"]
[SourceVersion "1"]
[SourceVersionDate "2022.07.31"]
[SourceQuality "1"]

1. e4 c5 2. Nf3 Nc6 3. Nc3 g6 4. d4 cxd4 5. Nxd4 Bg7 6. Be3 Nf6 7. Bc4 Qa5 8. 0-0 0-0 9. Nb3 Qd8 10. f4 d6 11. f5 Ne5 12. Bd3 Nfg4 13. Bf4 Qb6+ 14. Kh1 Nf2+ 15. Rxf2 Qxf2 16. Ne2 Ng4 17. fxg6 fxg6 18. Bc4+ Kh8 19. Qd5 e5 20. Bg5 Qf1+ 21. Rxf1 Rxf1+ 22. Ng1 Nf2# 0-1

[Event "GER-chT U10"]
[Site "Magdeburg"]
[Date "2021.08.08"]
[Round "7.4"]
[White "Rempe, Lennik"]
[Black "Ha, Minh Quan"]
[Result "1/2-1/2"]
[WhiteElo "1086"]
[BlackElo "1123"]
[PlyCount "121"]
[EventDate "2021.08.06"]
[EventType "team-swiss"]
[EventRounds "7"]
[EventCountry "GER"]
[SourceTitle "EXT 2022"]
[Source "ChessBase"]
[SourceDate "2021.10.06"]
[SourceVersion "1"]
[SourceVersionDate "2021.10.06"]
[SourceQuality "1"]
[WhiteTeam "Kiel Doppelbauer"]
[BlackTeam "Lichtenberg Borussia"]
[WhiteTeamCountry "GER"]
[BlackTeamCountry "GER"]

1. e4 b6 2. d4 Bb7 3. Nc3 e6 4. Bd3 Bb4 5. Bd2 Nf6 6. Bg5 h6 7. Bh4 g5 8. Bg3 Nc6 9. Nf3 Nh5 10. a3 Bxc3+ 11. bxc3 Nxg3 12. fxg3 Qe7 13. 0-0 0-0-0 14. Qe2 g4 15. Nd2 h5 16. h4 Kb8 17. Ba6 Rhe8 18. a4 d5 19. a5 Qd7 20. axb6 cxb6 21. Qf2 Na5 22. Rfb1 Qc6 23. Bxb7 Nxb7 24. Rb3 dxe4 25. Rba3 a5 26. Qxf7 Qc7 27. Qxh5 Qxg3 28. Nxe4 Qe3+ 29. Nf2 Rf8 30. Qe5+ Qxe5 31. dxe5 Rd2 32. Nxg4 Rxc2 33. h5 Rg8 34. Ne3 Re2 35. c4 Rh8 36. g4 Kc7 37. Rf1 Kc6 38. Rf6 Kc5 39. h6 Kd4 40. Ng2 Kxe5 41. g5 Re4 42. Rf7 Rg4 43. Rxb7 Rxg5 44. h7 Kd4 45. Rxb6 Kxc4 46. Rxe6 Rxh7 47. Re4+ Kb5 48. Rea4 Kb6 49. Ra2 Rhg7 50. Rb2+ Kc6 51. Rba2 Kb6 52. Rb2+ Ka6 53. Rba2 Rd7 54. Kh2 Rh7+ 55. Kg1 Rd7 56. Kh2 Rh5+ 57. Rh4 Rg5 58. Ne3 Rd3 59. Nc4 Rf5 60. Rh6+ Kb5 61. Rxa5+ 1/2-1/2

[Event "GER-chT U10"]
[Site "Magdeburg"]
[Date "2021.08.07"]
[Round "5.2"]
[White "Rempe, Lennik"]
[Black "Franzky, Julian"]
[Result "0-1"]
[WhiteElo "1086"]
[BlackElo "1266"]
[PlyCount "124"]
[EventDate "2021.08.06"]
[EventType "team-swiss"]
[EventRounds "7"]
[EventCountry "GER"]
[SourceTitle "EXT 2022"]
[Source "ChessBase"]
[SourceDate "2021.10.06"]
[SourceVersion "1"]
[SourceVersionDate "2021.10.06"]
[SourceQuality "1"]
[WhiteTeam "Kiel Doppelbauer"]
[BlackTeam "Tegernsee"]
[WhiteTeamCountry "GER"]
[BlackTeamCountry "GER"]

1. e4 e5 2. Nf3 Nc6 3. Nc3 Nf6 4. Bb5 Nd4 5. Nxd4 exd4 6. Nd5 Nxd5 7. exd5 c6 8. dxc6 dxc6 9. Bc4 Bc5 10. 0-0 0-0 11. d3 Qf6 12. Bd2 Qg6 13. Qf3 Bg4 14. Qg3 a5 15. h3 Bf5 16. Qxg6 Bxg6 17. a3 b5 18. b4 bxc4 19. bxc5 cxd3 20. f4 Be4 21. Rae1 Rfe8 22. cxd3 Bxd3 23. Rxe8+ Rxe8 24. Re1 Rxe1+ 25. Bxe1 a4 26. Bf2 f6 27. Bxd4 Kf7 28. g3 Ke6 29. Kf2 Kd5 30. Ke3 Kc4 31. g4 Bf1 32. h4 Kb3 33. g5 fxg5 34. hxg5 g6 35. Kd2 Kxa3 36. Kc2 Ka2 37. Kc3 a3 38. Kc2 Be2 39. Kd2 Bf3 40. Kc2 Be4+ 41. Kc1 Kb3 42. Kd2 a2 43. Ke3 Bf5 44. Kd2 Kc4 45. Ba1 Kxc5 46. Kc1 Kd5 47. Be5 c5 48. Kb2 Bb1 49. Kc1 c4 50. Kb2 Ke4 51. Ka3 Ke3 52. Kb4 Kd3 53. Bf6 Bc2 54. Be5 Bb3 55. Bf6 Ke4 56. Be5 a1Q 57. Bxa1 Kxf4 58. Bf6 Kg4 59. Kc3 Kf5 60. Kb4 h6 61. Bg7 Kxg5 62. Bc3 h5 0-1

[Event "GER Cup Net V3 U1600"]
[Site "Playchess.com INT"]
[Date "2020.05.27"]
[Round "6"]
[White "Boldt, Manfred"]
[Black "Rempe, Lennik"]
[Result "1-0"]
[WhiteElo "1400"]
[BlackElo "1577"]
[PlyCount "83"]
[EventDate "2020.05.27"]
[EventType "swiss (blitz)"]
[EventRounds "9"]
[EventCountry "GER"]
[SourceTitle "EXT 2021"]
[Source "ChessBase"]
[SourceDate "2020.10.23"]
[SourceVersion "1"]
[SourceVersionDate "2020.10.23"]
[SourceQuality "1"]

1. d4 d5 2. e3 Nf6 3. Bd3 e6 4. f4 Be7 5. Nf3 0-0 6. 0-0 Nbd7 7. Ne5 b6 8. c3 Nxe5 9. fxe5 Ne4 10. Bxe4 dxe4 11. Qg4 f5 12. exf6 Bxf6 13. Qxe4 Be7 14. Qxa8 Ba6 15. Rxf8+ Qxf8 16. Qf3 Qe8 17. Nd2 Qb8 18. Ne4 Bb7 19. Qf4 Bd6 20. Qf3 Qa8 21. Qg4 Bxe4 22. Bd2 Bf5 23. Qg5 Qe4 24. Rf1 g6 25. Qd8+ Kg7 26. Qd7+ Kh6 27. Qd8 Qh4 28. Qxh4+ Kg7 29. g4 Bd3 30. Rf2 g5 31. Qh5 h6 32. Qf7+ Kh8 33. Qe8+ Kg7 34. Rf7+ Kg6 35. Rxc7+ Kf6 36. Rf7+ Kg6 37. Rd7+ Kf6 38. Rxd6 Bf1 39. Kxf1 h5 40. Qxe6+ Kg7 41. Rd7+ Kh8 42. Qe8# 1-0

[Event "GER Cup Net V3 U1600"]
[Site "Playchess.com INT"]
[Date "2020.05.27"]
[Round "2"]
[White "Wagner, Jochen"]
[Black "Rempe, Lennik"]
[Result "1-0"]
[WhiteElo "1373"]
[BlackElo "1577"]
[PlyCount "61"]
[EventDate "2020.05.27"]
[EventType "swiss (blitz)"]
[EventRounds "9"]
[EventCountry "GER"]
[SourceTitle "EXT 2021"]
[Source "ChessBase"]
[SourceDate "2020.10.23"]
[SourceVersion "1"]
[SourceVersionDate "2020.10.23"]
[SourceQuality "1"]

1. d4 d5 2. c4 e6 3. Nc3 Nf6 4. Bg5 Be7 5. e3 0-0 6. Nf3 Nbd7 7. Bd3 b6 8. Nd2 Bb7 9. Qc2 Rc8 10. 0-0 c5 11. h4 cxd4 12. exd4 Nh5 13. Bxe7 Qxe7 14. Bxh7+ Kh8 15. g3 dxc4 16. Be4 Bxe4 17. Qxe4 f5 18. Qf3 Nhf6 19. Rac1 Ng4 20. Nb5 Rf6 21. Nxa7 Nb8 22. Nxc8 Qd7 23. Rxc4 Nc6 24. Nxb6 Qd8 25. Qxc6 e5 26. Qc8 Qxc8 27. Rxc8+ Kh7 28. Nd5 Rh6 29. dxe5 f4 30. Nxf4 Nxe5 31. Re1 1-0

[Event "GER Cup Net V2 U1600"]
[Site "Playchess.com INT"]
[Date "2020.05.22"]
[Round "6"]
[White "Maly, Wolfgang"]
[Black "Rempe, Lennik"]
[Result "1-0"]
[WhiteElo "1260"]
[BlackElo "1756"]
[PlyCount "79"]
[EventDate "2020.05.22"]
[EventType "swiss (blitz)"]
[EventRounds "9"]
[EventCountry "GER"]
[SourceTitle "EXT 2021"]
[Source "ChessBase"]
[SourceDate "2020.10.23"]
[SourceVersion "1"]
[SourceVersionDate "2020.10.23"]
[SourceQuality "1"]

1. b3 e5 2. Bb2 Nc6 3. e3 d5 4. Bb5 Bd7 5. Bxc6 Bxc6 6. Bxe5 Nf6 7. Nf3 Be7 8. Bb2 0-0 9. 0-0 Bd7 10. d3 Bg4 11. Nbd2 c5 12. h3 Bh5 13. c4 d4 14. exd4 cxd4 15. Bxd4 Bxf3 16. Qxf3 Qxd4 17. Rfe1 Bb4 18. Rad1 Rae8 19. Ne4 Bxe1 20. Nxf6+ Qxf6 21. Qxf6 gxf6 22. Kf1 Bc3 23. Rc1 Bb4 24. d4 Kh8 25. d5 Rg8 26. g3 Re1+ 27. Rxe1 Bxe1 28. Kxe1 Re8+ 29. Kd2 Re5 30. d6 Re8 31. c5 b6 32. c6 Rd8 33. d7 Kg7 34. Ke3 Kg6 35. c7 Rxd7 36. c8Q Re7+ 37. Kd3 f5 38. Qg8+ Kh6 39. h4 f4 40. Qg5# 1-0

[Event "GER-ch Net Amateur Gr-C Vor3"]
[Site "Playchess.com INT"]
[Date "2020.04.16"]
[Round "3"]
[White "Beck, Arno"]
[Black "Rempe, Lennik"]
[Result "1-0"]
[WhiteElo "1289"]
[BlackElo "1902"]
[PlyCount "61"]
[EventDate "2020.04.16"]
[EventType "swiss (blitz)"]
[EventRounds "9"]
[EventCountry "GER"]
[SourceTitle "CBM 195 Extra"]
[Source "ChessBase"]
[SourceDate "2020.05.31"]
[SourceVersion "1"]
[SourceVersionDate "2020.05.31"]
[SourceQuality "1"]

1. e4 e5 2. Nf3 Nc6 3. Nc3 Nf6 4. d4 d6 5. d5 Nb8 6. Bc4 Bg4 7. 0-0 Be7 8. h3 Bh5 9. Re1 0-0 10. Be3 Nbd7 11. Qd3 Nc5 12. Bxc5 dxc5 13. Rad1 Nd7 14. a3 f5 15. Qd2 fxe4 16. Nxe4 Nf6 17. Qe2 Nxe4 18. Qxe4 Bxf3 19. gxf3 Rf4 20. Qxe5 Rxf3 21. Qe6+ Kf8 22. Re3 Rxe3 23. Qxe3 Kg8 24. Qe6+ Kh8 25. Re1 Bh4 26. Re4 Qg5+ 27. Qg4 Qc1+ 28. Bf1 g5 29. Qe2 Qa1 30. Re8+ Rxe8 31. Qxe8+ 1-0

[Event "GER-ch Net Amateur Gr-C Vor3"]
[Site "Playchess.com INT"]
[Date "2020.04.16"]
[Round "6"]
[White "Rempe, Lennik"]
[Black "Grave, Lukas"]
[Result "0-1"]
[WhiteElo "1902"]
[BlackElo "1378"]
[PlyCount "98"]
[EventDate "2020.04.16"]
[EventType "swiss (blitz)"]
[EventRounds "9"]
[EventCountry "GER"]
[SourceTitle "CBM 195 Extra"]
[Source "ChessBase"]
[SourceDate "2020.05.31"]
[SourceVersion "1"]
[SourceVersionDate "2020.05.31"]
[SourceQuality "1"]

1. e4 e5 2. Nf3 Nc6 3. Nc3 Nf6 4. Bb5 a6 5. Bxc6 bxc6 6. Nxe5 Qe7 7. Nf3 Nxe4 8. Nxe4 Qxe4+ 9. Qe2 Qxe2+ 10. Kxe2 Bb7 11. Re1 Bc5 12. Kf1+ Kd8 13. d3 d6 14. d4 Bb6 15. Ng5 f6 16. Nf7+ Kd7 17. Nxh8 Rxh8 18. Bf4 Bxd4 19. Re2 a5 20. Rd2 Ba6+ 21. Kg1 Bxb2 22. Re1 Bc3 23. Rde2 Bxe1 24. Rxe1 Re8 25. Rxe8 Kxe8 26. Bd2 a4 27. Ba5 Kd7 28. Bb4 c5 29. Ba3 Bc4 30. Bb2 Bxa2 31. c3 Bc4 32. f4 Ke6 33. g4 f5 34. gxf5+ Kxf5 35. Bc1 Ke4 36. Kf2 Kd3 37. Kf3 Kxc3 38. h4 Kb3 39. h5 a3 40. Bxa3 Kxa3 41. h6 Bd5+ 42. Kg4 gxh6 43. f5 c4 44. f6 c3 45. f7 Bxf7 46. Kf5 c2 47. Kf6 c1Q 48. Kg7 Qg5+ 49. Kh8 Qg8# 0-1

[Event "GER-ch Net Amateur Gr-C Vor2"]
[Site "Playchess.com INT"]
[Date "2020.04.15"]
[Round "3"]
[White "Rempe, Lennik"]
[Black "Fleischmann, Theo"]
[Result "1-0"]
[WhiteElo "1984"]
[BlackElo "1539"]
[PlyCount "45"]
[EventDate "2020.04.15"]
[EventType "swiss (blitz)"]
[EventRounds "9"]
[EventCountry "GER"]
[SourceTitle "CBM 196 Extra"]
[Source "ChessBase"]
[SourceDate "2020.07.31"]
[SourceVersion "1"]
[SourceVersionDate "2020.07.31"]
[SourceQuality "1"]

1. e4 c6 2. d4 d5 3. exd5 cxd5 4. Nf3 Nc6 5. Be2 Nf6 6. 0-0 Bf5 7. Nc3 e6 8. Bd2 Bd6 9. Re1 0-0 10. Qc1 Rc8 11. Bd3 Bxd3 12. cxd3 Bb8 13. Bh6 gxh6 14. Qxh6 Kh8 15. Ng5 Qd6 16. Re3 Qf4 17. Rf3 Qg4 18. Qxf6+ Kg8 19. Qh6 Qxg5 20. Qxg5+ Kh8 21. Qf6+ Kg8 22. Rh3 Nxd4 23. Qh6 1-0

[Event "GER-ch Net Amateur Gr-C Vor2"]
[Site "Playchess.com INT"]
[Date "2020.04.15"]
[Round "9"]
[White "Rempe, Lennik"]
[Black "Schriefer, Leo Hans"]
[Result "1-0"]
[WhiteElo "1900"]
[BlackElo "1432"]
[PlyCount "37"]
[EventDate "2020.04.15"]
[EventType "swiss (blitz)"]
[EventRounds "9"]
[EventCountry "GER"]
[SourceTitle "CBM 196 Extra"]
[Source "ChessBase"]
[SourceDate "2020.07.31"]
[SourceVersion "1"]
[SourceVersionDate "2020.07.31"]
[SourceQuality "1"]

1. e4 e5 2. Nf3 Nc6 3. Nc3 Nf6 4. Bb5 d6 5. d4 exd4 6. Nxd4 a6 7. Ba4 b6 8. Bxc6+ Bd7 9. Bxa8 Qxa8 10. 0-0 Be7 11. Nf5 Bxf5 12. exf5 0-0 13. Re1 d5 14. Bg5 Re8 15. Bxf6 Bxf6 16. Nxd5 Rxe1+ 17. Qxe1 Bxb2 18. Rb1 Qxd5 19. Qe8# 1-0

[Event "GER-ch Net Amateur Gr-C Vor2"]
[Site "Playchess.com INT"]
[Date "2020.04.15"]
[Round "6"]
[White "Rempe, Lennik"]
[Black "Stein, Theodor"]
[Result "0-1"]
[WhiteElo "1959"]
[BlackElo "1586"]
[PlyCount "76"]
[EventDate "2020.04.15"]
[EventType "swiss (blitz)"]
[EventRounds "9"]
[EventCountry "GER"]
[SourceTitle "CBM 196 Extra"]
[Source "ChessBase"]
[SourceDate "2020.07.31"]
[SourceVersion "1"]
[SourceVersionDate "2020.07.31"]
[SourceQuality "1"]

1. e4 e5 2. Nf3 Nc6 3. Nc3 Nf6 4. Bb5 Bc5 5. Nxe5 Nxe5 6. d4 Bd6 7. dxe5 Bxe5 8. 0-0 0-0 9. Bg5 a6 10. Bc4 b5 11. Bb3 c6 12. f4 Bxc3 13. bxc3 Qb6+ 14. Kh1 Nxe4 15. Qe2 d5 16. f5 Nxg5 17. f6 g6 18. Rae1 Ne4 19. Rf3 Bg4 20. Qe3 Qxe3 21. Rfxe3 Rfe8 22. h3 Ng3+ 23. Kh2 Rxe3 24. Rxe3 Nf1+ 25. Kh1 Nxe3 26. Kh2 Bd1 27. g3 Bxc2 28. Bxc2 Nxc2 29. Kg2 Re8 30. Kf3 c5 31. h4 Ne1+ 32. Kf2 Nd3+ 33. Kf3 b4 34. g4 bxc3 35. Kg2 c2 36. Kf3 c1Q 37. Kg2 Qd2+ 38. Kg1 Re1# 0-1

[Event "GER-ch Net Amateur Gr-C Vor1"]
[Site "Playchess.com INT"]
[Date "2020.04.14"]
[Round "7"]
[White "Hockenjos, Marius"]
[Black "Rempe, Lennik"]
[Result "1-0"]
[WhiteElo "1557"]
[BlackElo "2097"]
[PlyCount "51"]
[EventDate "2020.04.14"]
[EventType "swiss (blitz)"]
[EventRounds "9"]
[EventCountry "GER"]
[SourceTitle "CBM 196 Extra"]
[Source "ChessBase"]
[SourceDate "2020.07.31"]
[SourceVersion "1"]
[SourceVersionDate "2020.07.31"]
[SourceQuality "1"]

1. e4 e5 2. Nc3 Nf6 3. Bc4 Be7 4. d3 0-0 5. f4 d6 6. Nf3 Nbd7 7. 0-0 b6 8. f5 Bb7 9. Qe1 c6 10. a3 d5 11. Ba2 d4 12. Ne2 c5 13. Qg3 Nh5 14. Qg4 Nf4 15. Bxf4 exf4 16. Qxf4 Nf6 17. Qg3 Bd6 18. Qh3 Bc8 19. Ng3 g6 20. e5 Bc7 21. exf6 Bxg3 22. Qxg3 Bxf5 23. Qg5 Kh8 24. Ne5 Qe8 25. Rxf5 gxf5 26. Qg7# 1-0

[Event "GER-ch Net Amateur Gr-C Vor1"]
[Site "Playchess.com INT"]
[Date "2020.04.14"]
[Round "1"]
[White "Knochenhauer Avila, Santiago"]
[Black "Rempe, Lennik"]
[Result "0-1"]
[WhiteElo "1620"]
[BlackElo "2190"]
[PlyCount "42"]
[EventDate "2020.04.14"]
[EventType "swiss (blitz)"]
[EventRounds "9"]
[EventCountry "GER"]
[SourceTitle "CBM 196 Extra"]
[Source "ChessBase"]
[SourceDate "2020.07.31"]
[SourceVersion "1"]
[SourceVersionDate "2020.07.31"]
[SourceQuality "1"]

1. e4 e5 2. d3 Nc6 3. Nf3 Nf6 4. Be2 Be7 5. 0-0 0-0 6. Nc3 d6 7. Qd2 Bg4 8. Qe3 Nd4 9. Bd1 Bxf3 10. Bxf3 Nxf3+ 11. Qxf3 Nd7 12. Be3 Nc5 13. Rae1 Bg5 14. Bxg5 Qxg5 15. Re3 f5 16. Qe2 fxe4 17. h4 Qxh4 18. g3 Qg5 19. f4 exf4 20. Kf2 fxe3+ 21. Ke1 Qxg3+ 0-1

[Event "GER-ch Net Amateur Gr-C Vor1"]
[Site "Playchess.com INT"]
[Date "2020.04.14"]
[Round "5"]
[White "Kullmann, Max"]
[Black "Rempe, Lennik"]
[Result "0-1"]
[WhiteElo "1553"]
[BlackElo "2128"]
[PlyCount "112"]
[EventDate "2020.04.14"]
[EventType "swiss (blitz)"]
[EventRounds "9"]
[EventCountry "GER"]
[SourceTitle "CBM 196 Extra"]
[Source "ChessBase"]
[SourceDate "2020.07.31"]
[SourceVersion "1"]
[SourceVersionDate "2020.07.31"]
[SourceQuality "1"]

1. d4 d5 2. c4 e6 3. Bf4 Nf6 4. Nc3 Be7 5. Nf3 0-0 6. e3 Nbd7 7. Be2 b6 8. 0-0 Bb7 9. cxd5 exd5 10. Qc2 Rc8 11. Bd3 c5 12. dxc5 Nxc5 13. Rac1 Nxd3 14. Qxd3 Ne4 15. Nxe4 dxe4 16. Qxd8 Rfxd8 17. Rxc8 Rxc8 18. Nd4 g5 19. Bg3 h5 20. h3 h4 21. Bh2 Bc5 22. Nf5 Kh7 23. Rc1 Kg6 24. Nd4 Bxd4 25. Rxc8 Bxc8 26. exd4 Kf5 27. Kf1 f6 28. Ke2 Ke6 29. Ke3 Kd5 30. Bb8 f5 31. g3 g4 32. gxh4 gxh3 33. h5 Ke6 34. Kf4 h2 35. Kg5 h1Q 36. Kh6 Kf6 37. Bf4 Qg2 38. Be5+ Kf7 39. Kh7 Qg8+ 40. Kh6 f4 41. d5 Bf5 42. d6 Bg6 43. Kg5 Bh7+ 44. Kh6 Bf5 45. d7 Qd8 46. b4 Qxd7 47. b5 e3 48. fxe3 fxe3 49. a4 e2 50. a5 e1Q 51. Bf4 Qee6+ 52. Kg5 Qe1 53. a6 Qg1+ 54. Kh4 Qh1+ 55. Kg5 Qg2+ 56. Kh6 Qg7# 0-1

[Event "GER-ch Net Amateur Gr-C Vor1"]
[Site "Playchess.com INT"]
[Date "2020.04.14"]
[Round "9"]
[White "Stadtmueller, Max"]
[Black "Rempe, Lennik"]
[Result "1-0"]
[WhiteElo "1620"]
[BlackElo "2048"]
[PlyCount "113"]
[EventDate "2020.04.14"]
[EventType "swiss (blitz)"]
[EventRounds "9"]
[EventCountry "GER"]
[SourceTitle "CBM 196 Extra"]
[Source "ChessBase"]
[SourceDate "2020.07.31"]
[SourceVersion "1"]
[SourceVersionDate "2020.07.31"]
[SourceQuality "1"]

1. e4 e5 2. Nf3 Nc6 3. d4 d6 4. dxe5 dxe5 5. Qxd8+ Nxd8 6. Nxe5 Nf6 7. Bd3 Be7 8. 0-0 0-0 9. Nc3 Nc6 10. Nxc6 bxc6 11. f4 Bc5+ 12. Kh1 Ng4 13. h3 Nf2+ 14. Kh2 f5 15. e5 Nxd3 16. cxd3 Ba6 17. Rd1 Rad8 18. Na4 Rxd3 19. Rxd3 Bxd3 20. Nxc5 Be4 21. Nxe4 fxe4 22. Be3 Rd8 23. Re1 Rd5 24. Bxa7 c5 25. Bb8 Rd4 26. Bxc7 c4 27. Ba5 c3 28. Bxc3 Rd3 29. Rxe4 Rd1 30. e6 Kf8 31. Bxg7+ Ke8 32. Bf6 Kf8 33. e7+ Ke8 34. Rb4 Re1 35. Rb8+ Kf7 36. e8Q+ Rxe8 37. Rxe8 Kxe8 38. Be5 Ke7 39. Kg3 Ke6 40. Kg4 Kd5 41. Kh5 Kc5 42. g4 Kc6 43. Kh6 Kd7 44. Kxh7 Ke7 45. g5 Kf7 46. g6+ Ke6 47. g7 Kf7 48. g8Q+ Ke7 49. f5 Kd7 50. Bc7 Kxc7 51. f6 Kc6 52. Qg5 Kc7 53. f7 Kd7 54. f8Q Kc7 55. Qff6 Kc8 56. Qgg7 Kb8 57. Qff8# 1-0